000 00399nam a22001217a 4500
020 _a 0071074821
100 _aM Laxmikanth
245 _aPublic Administration
260 _aNew Delhi
_bMcGraw Hill
_c2011
300 _a982p
942 _cBK
999 _c2710
_d2710